|
|
|
|
| LEADER |
00941pam a22002778a 4500 |
| 001 |
00024545 |
| 005 |
20171026081022.0 |
| 008 |
110721s2000 ||||||viesd |
| 020 |
|
|
|c 7000
|
| 041 |
0 |
# |
|a vie
|
| 082 |
1 |
4 |
|a 343.597
|b L504TH
|
| 110 |
1 |
# |
|a Việt Nam (CHXHCN). Luật lệ và sắc lệnh
|
| 245 |
1 |
0 |
|a Luật Thương mại
|
| 260 |
# |
# |
|a H.
|b Chính trị Quốc gia
|c 2000
|
| 300 |
# |
# |
|a 143tr.
|c 19 cm.
|
| 650 |
# |
4 |
|a Pháp luật
|
| 650 |
# |
4 |
|a Thương mại
|
| 650 |
# |
4 |
|a Văn bản pháp quy
|
| 650 |
# |
4 |
|a Việt Nam
|
| 852 |
# |
# |
|b Kho giáo trình
|j KGT.0017385, KGT.0017386, KGT.0017387, KGT.0017388
|
| 852 |
# |
# |
|b Kho mượn
|j KGT.0017388
|
| 852 |
# |
# |
|b Kho đọc
|j KD.0010240
|
| 852 |
# |
# |
|j KGT.0017388
|j KGT.0017387
|j KD.0010240
|j KGT.0017385
|j KGT.0017386
|
| 910 |
0 |
# |
|a Ntuyet
|d 21/07/2011
|
| 980 |
# |
# |
|a Trung tâm Học liệu Lê Vũ Hùng, Trường Đại học Đồng Tháp
|